| 000 -LEADER |
| fixed length control field |
01815 a2200337 4500 |
| 003 - CONTROL NUMBER IDENTIFIER |
| control field |
OSt |
| 005 - DATE AND TIME OF LATEST TRANSACTION |
| control field |
20180116192332.0 |
| 008 - FIXED-LENGTH DATA ELEMENTS--GENERAL INFORMATION |
| fixed length control field |
120516t xxu||||| |||| 00| 0 eng d |
| 010 ## - LIBRARY OF CONGRESS CONTROL NUMBER |
| LC control number |
00026334 |
| 020 ## - INTERNATIONAL STANDARD BOOK NUMBER |
| International Standard Book Number |
0471348775 (pbk. : acid-free paper) |
| 040 ## - CATALOGING SOURCE |
| Transcribing agency |
0 |
| 082 00 - DEWEY DECIMAL CLASSIFICATION NUMBER |
| Classification number |
720.472 |
| 100 1# - MAIN ENTRY--PERSONAL NAME |
| Personal name |
Brown, G. Z. |
| 9 (RLIN) |
1439 |
| 245 10 - TITLE STATEMENT |
| Title |
Sun, wind & light : |
| Remainder of title |
architectural design strategies / |
| Statement of responsibility, etc. |
G.Z. Brown, Mark DeKay ; illustrations, Virginia Cartwright ... [et al.]. |
| 246 3# - VARYING FORM OF TITLE |
| Title proper/short title |
Sun, wind, and light |
| 250 ## - EDITION STATEMENT |
| Edition statement |
2nd ed. |
| 260 ## - PUBLICATION, DISTRIBUTION, ETC. |
| Place of publication, distribution, etc. |
New York : |
| Name of publisher, distributor, etc. |
Wiley, |
| Date of publication, distribution, etc. |
c2001. |
| 300 ## - PHYSICAL DESCRIPTION |
| Extent |
xix, 382 p. : |
| Other physical details |
ill. ; |
| Dimensions |
22 x 28 cm. |
| 500 ## - GENERAL NOTE |
| General note |
Includes bibliographycal refrences & indexe |
| 505 ## - FORMATTED CONTENTS NOTE |
| Formatted contents note |
PART 1. ANALYSIS TECHNIQUES. A. Climate as a Context. B. Program and Use. C. Form and Envelope. D. Combining Climate, Program, and Form. E. Electric and Hot Water Loads. PART 2. DESIGN STRATEGIES. A. Building Groups. B. Buildings. C. Building Parts. PART 3. STRATEGIES FOR SUPPLEMENTING PASSIVE SYSTEMS. Appendix A: Climate Data by Latitude/City. Appendix B: Additional Climate Data. Appendix C: Abbreviations and Units Conversions. Glossary. Bibliography. Indexes. |
| 650 #0 - SUBJECT ADDED ENTRY--TOPICAL TERM |
| Topical term or geographic name entry element |
Architecture and energy conservation. |
| 9 (RLIN) |
1440 |
| 650 #0 - SUBJECT ADDED ENTRY--TOPICAL TERM |
| Topical term or geographic name entry element |
Architecture and solar radiation. |
| 9 (RLIN) |
1441 |
| 650 #0 - SUBJECT ADDED ENTRY--TOPICAL TERM |
| Topical term or geographic name entry element |
Interior lighting. |
| 9 (RLIN) |
1442 |
| 650 #0 - SUBJECT ADDED ENTRY--TOPICAL TERM |
| Topical term or geographic name entry element |
Architecture and energy conservation |
| 9 (RLIN) |
1443 |
| 700 1# - ADDED ENTRY--PERSONAL NAME |
| Personal name |
DeKay, Mark. |
| 9 (RLIN) |
1444 |
| 856 42 - ELECTRONIC LOCATION AND ACCESS |
| Materials specified |
Contributor biographical information |
| Uniform Resource Identifier |
<a href="http://www.loc.gov/catdir/bios/wiley043/00026334.html">http://www.loc.gov/catdir/bios/wiley043/00026334.html</a> |
| 856 42 - ELECTRONIC LOCATION AND ACCESS |
| Materials specified |
Publisher description |
| Uniform Resource Identifier |
<a href="http://www.loc.gov/catdir/description/wiley035/00026334.html">http://www.loc.gov/catdir/description/wiley035/00026334.html</a> |
| 856 42 - ELECTRONIC LOCATION AND ACCESS |
| Materials specified |
Table of Contents |
| Uniform Resource Identifier |
<a href="http://www.loc.gov/catdir/toc/onix06/00026334.html">http://www.loc.gov/catdir/toc/onix06/00026334.html</a> |
| 942 ## - ADDED ENTRY ELEMENTS (KOHA) |
| Institution code [OBSOLETE] |
SADA |
| Koha item type |
Book |
| Call number prefix |
720.472 BRO 2001 |
| Source of classification or shelving scheme |
|